000
00271nam a22001217a 4500
008
181207b xxu||||| |||| 00| 0 eng d
041
_a
eng
080
_a
510
100
_a
39
101
_a
MAT
245
_a
Fundamentals Of Liner Algebra
_c
Nomizu.K
942
_2
udc
_c
BK
999
_c
52991
_d
52991